| 000 | 04418namaa22004211i 4500 | ||
|---|---|---|---|
| 003 | OSt | ||
| 005 | 20260510102910.0 | ||
| 008 | 250827s2024 ua a|||frm||| 000 0 eng d | ||
| 040 |
_aEG-GICUC _bara _cEG-GICUC _dEG-GICUC _erda |
||
| 041 | 0 |
_aara _bara _beng |
|
| 049 | _aإيداع | ||
| 082 | 0 | 4 | _a616.398 |
| 092 |
_a616.398 _221 |
||
| 097 | _aمــــاجستير | ||
| 099 | _aCai01.23.04.M.Sc.2024.أم.م | ||
| 100 | 0 |
_a،أماني السيد عبد الحميد السيد ساري _eإعداد. |
|
| 245 | 1 | 0 |
_aالمرونة النفسية كمتغير وسيط بين الوعي الصحي وعلاقته بتغيير نمط الحياة لدى مرضى السمنة / _cإعداد أماني السيد عبد الحميد السيد ساري؛ إشراف أ.د.منال عبد النعيم محمد طه،د.نفيسـة فوزي عمــر. |
| 246 | 1 | 5 | _aPsychological flexibility as a mediator variable between health awareness,change lifestyle in patients with obesity / |
| 264 | 0 | _c2024. | |
| 300 |
_a130 صفحة : _bإيضاحيات ؛ _c25 سم. + _eCD. |
||
| 336 |
_atext _2rda content |
||
| 337 |
_aUnmediated _2rdamedia |
||
| 338 |
_avolume _2rdacarrier |
||
| 502 | _aأطروحة (ماجستير)-جامعة القاهرة، 2024. | ||
| 504 | _aببليوجرافيا: صفحات 103-119. | ||
| 520 | _aهدفت الدراسة إلى محاولة التوصل إلى نموذج بنائي سببي يُفسر العلاقة بين الوعي الصحي ونمط الحياة، وإستكشاف الدور الوسيط للمرونة النفسية بينهما. تكونت عينة الدراسة من (206) فرد مصاب بداء السمنة من الذكور والإناث . تراوحت اعمارهم ما بين (22-59) عاما. بمتوسط حسابي (35,67) وانحراف معياري (7,013). استخدمت الدراسة الأدوات التالية : مقياس الوعي الصحي (إعداد الباحثة). مقياس نمط الحياة إعداد Gholamalishahi,et al.,2022)) وتعريب الباحثة، ومقياس المرونة النفسية (إعداد الباحثة).أشارت النتائج إلى وجود علاقة مباشرة وغير مباشرة بين المرونة النفسية والوعي الصحي. ووجود تأثير مباشر وغير مباشر بين المرونة النفسية ونمط الحياة. وأيضا وجود علاقة بين الوعي الصحي ونمط الحياة، وتلعب المرونة النفسية دور وسيط بين الوعي الصحي ونمط الحياة لدى مرضى السمنة. | ||
| 520 | _aThe study aimed to try to reach a causal structural model that explains the relationship between health awareness, lifestyle, and psychological flexibility. The study sample consisted of (206) individuals suffering from obesity. Their ages ranged between (21-59) years. With an arithmetic mean (35.67) and a standard deviation (7.013). The study used the following tools: Psychological Flexibility Scale (prepared by the researcher). Lifestyle scale prepared by (Gholamalishahi,et al.,2022) and the Psychological Flexibility Scale (prepared by the researcher). The results indicated a direct and indirect relationship between psychological flexibility and health awareness. There is a direct and indirect relationship between psychological flexibility and lifestyle. There is also a relationship between health awareness and lifestyle. Psychological flexibility plays a mediating role between health awareness and lifestyle among adult patients with obesity. | ||
| 530 | _aصدر أيضًا كقرص مدمج. | ||
| 546 | _aالنص بالعربية والملخص باللغة الإنجليزية والعربية. | ||
| 650 | 7 |
_aالسمنة _2qrmak |
|
| 653 | 0 |
_aالمرونة النفسية _aالوعى الصحى _aمرضى السمنة |
|
| 700 | 0 |
_aمنال عبد النعيم محمد طه _eمشرف أطروحة. |
|
| 700 | 0 |
_aنفيسـة فوزي عمــر _eمشرف أطروحة. |
|
| 900 |
_b21-02-2024 _cمنال عبد النعيم محمد طه _cنفيسـة فوزي عمــر _dرشا محمد _dعمرو رمضان عطايا _Uجامعة القاهرة _Fكلية الدراسات العليا للتربية _Dقسم إرشاد نفسي |
||
| 905 | _aSara | ||
| 942 |
_2ddc _cTH _e21 _n0 |
||
| 999 | _c180048 | ||